ZB1 members - Statistics

General Stats
  • This quiz has been taken 1,224 times
  • The average score is 7 of 9
Answer Stats
Picture Answer % Correct
Ricky
99%
Hanbin
89%
Gunwook
83%
Gyuvin
79%
Matthew
78%
Tae Rae
76%
Jiwoong
73%
Yujin
73%
Zhang Hao
72%
No matching quizzes found
Score Distribution
Percent of People with Each Score
Percentile by Number Answered
Your Score History
You have not taken this quiz